Nederlandsche historie dichten sedert 1527; (Record no. 5546)

MARC details
000 -LEADER
fixed length control field 00666cam a22002171 4500
001 - CONTROL NUMBER
control field af 48003371
003 - CONTROL NUMBER IDENTIFIER
control field DLC
005 - DATE AND TIME OF LATEST TRANSACTION
control field 20260227110901.0
008 - FIXED-LENGTH DATA ELEMENTS--GENERAL INFORMATION
fixed length control field 890411s1940 ne 000 0 dut c
010 ## - LIBRARY OF CONGRESS CONTROL NUMBER
LC control number af 48003371
035 ## - SYSTEM CONTROL NUMBER
System control number (OCoLC)19533487
040 ## - CATALOGING SOURCE
Original cataloging agency California. Univ. Libr.
Transcribing agency CU
Modifying agency DLC
042 ## - AUTHENTICATION CODE
Authentication code premarc
050 00 - LIBRARY OF CONGRESS CALL NUMBER
Classification number PT5484
Item number .M8
100 1# - MAIN ENTRY--PERSONAL NAME
Personal name Müller, P.-H.,
Relator term ed.
245 10 - TITLE STATEMENT
Title Nederlandsche historie dichten sedert 1527;
Remainder of title de geschiedenis van ons land en volk weerspiegeld in de poëzie.
260 ## - PUBLICATION, DISTRIBUTION, ETC.
Place of publication, distribution, etc. Amsterdam,
Name of publisher, distributor, etc. Bigot & Van Rossum
Date of publication, distribution, etc. [1940]
300 ## - PHYSICAL DESCRIPTION
Extent 174 p.
Dimensions 20 cm.
440 #3 - SERIES STATEMENT/ADDED ENTRY--TITLE
Title De Kolibri,
Volume/sequential designation 3-4
651 #0 - SUBJECT ADDED ENTRY--GEOGRAPHIC NAME
Geographic name Netherlands
General subdivision History
Form subdivision Poetry.

No items available.

Powered by Koha